00607 2200229 4500001002100000005001700021008004100038020001800079035002400097041000800121043001500129082001000144090002100154100001700175245003300192250001800225260003300243300002800276650003900304850001200343999002200355YOGYA-0209000005535620090227033521.0 ind  a979-3289-10-4 0010-020900000055356 aInd aYOPDYOG(M) a005.3 aDEP 005.3bRoy M aROYADI, Dedy aMicrosoft ExcelcDedy Royadi aEd. 1, cet. 1 aYogyakartabGraha Ilmuc2002 aix, 87 hlmbilusc26 cm aMicrosoft Excel (program komputer) aYOPDYOG a2002-419h CB-D.11